000 00665nam a22001937a 4500
999 _c167714
_d167714
005 20190917144126.0
010 _aENG-126484
020 _c150.00
_a978-93-8184-183-9
035 _aEN-110016
037 _bDBAD/PUB
082 _a920
100 _aPandit ,Unnat P.
245 _aDo you know Dr.A.P.J.Abdul Kalam /
_cBy Unnat P. Pandit
260 _aNew Delhi
_bGrapevine India Publishers
_c2016
270 _bNew Delhi
_aPlot no.4,First Floor, Pandavnagar,Opposite Shadipur Metro Station Patel Nagar
_e110008
_mgrapevineindiapublishers@gmail.com
300 _a142p.
_c20cm(pbk)
_bill.
500 _aincludes Index
942 _2ddc
_cEN
_h920
_mPAN